1554 1223 1232 1023 1400 1391 1570 1672 1793 1322 1488 1227 1611 1489 1437 1829 1768 1229 1170 1282 1985 1525 1688 1648 1216 1883 1822 1122 1489 1086 1391 1918 1968 1159 1399 1707 1114 1939 1430 1283 1557 1350 1275 1811 1083 1691 1813 1634 1754 1917 1234 1536 1857 1152 1062 1933 1601 1999 1754 1641 1707 1312 1939 1299 1740 1845 1841 1324 1857 1984 1911 1539 1197 1387 1347 1789 1359 1573 1048 1990 1087 1763 1215 1626 1562 1991 1525 1985 1066 1675 1400 1466 1566 1056 1911 1402 1880 1927 1251 BCNSPRNW ULIB Ver.6.0+V

เปลี่ยนเป็นภาษาไทย

Change to English
 แสดงรายละเอียดบรรณานุกรม
  กลับหน้าหลัก

Brief Record : Get Marc (ISO 2709) : E-mail record : QR code < ปิดหน้าต่าง
LEADER : 00000nam 2200000uu 4500
001    13399112104
003     ULIB
008    110627s2551||||th 000 0 tha d
020    9789748290263
090    นว.^bก274T 2551
100 0  กฤตธีร์
245 00 Tales behind the tale...เรื่องรักหลังตำนาน/^cกฤตธีร์
250    พิมพ์ครั้งที่ 2
260    กรุงเทพฯ :^bแจ่มใส,^c2551
300    255 หน้า
710 1  แจ่มใส
945    ^p169^l0^i024477
995    ทศพร
999 ^a ใช้งานได้ทุกระบบ
รายการนี้ยังไม่มีแท็ก
คุณยังไม่ได้ล็อกอิน คุณสามารถมีกิจกรรมร่วมกับเว็บไซต์ได้ แต่ต้องล็อกอินก่อน ::
  ล็อกอิน

รายการสื่อสารสนเทศ

ลำดับที่ ประเภท เลขเรียก/บาร์โค้ด สถานที่ สถานะ
- ไม่พบข้อมูล -

BibComment


ยังไม่เคยถูกคอมเมนท์

คอมเมนท์ทรัพยากรรายการนี้
  คอมเมนท์: Tales behind the ..


 Copyright 2026. Bcnsprnw @Library